<?xml version="1.0" encoding="UTF-8"?>
<record
    xmlns:xsi="http://www.w3.org/2001/XMLSchema-instance"
    xsi:schemaLocation="http://www.loc.gov/MARC21/slim http://www.loc.gov/standards/marcxml/schema/MARC21slim.xsd"
    xmlns="http://www.loc.gov/MARC21/slim">

  <leader>00732nam a2200217Ia 4500</leader>
  <controlfield tag="005">20230210154455.0</controlfield>
  <controlfield tag="008">210716s2011    xx            000 0 und d</controlfield>
  <datafield tag="020" ind1=" " ind2=" ">
    <subfield code="a">9780070221161</subfield>
  </datafield>
  <datafield tag="040" ind1=" " ind2=" ">
    <subfield code="c">AIMIT LIBRARY</subfield>
  </datafield>
  <datafield tag="041" ind1=" " ind2=" ">
    <subfield code="a">eng</subfield>
  </datafield>
  <datafield tag="082" ind1=" " ind2=" ">
    <subfield code="a">658.1599 APTP</subfield>
    <subfield code="2">5</subfield>
    <subfield code="b">APTP</subfield>
  </datafield>
  <datafield tag="100" ind1=" " ind2=" ">
    <subfield code="a">Apte, P G.</subfield>
    <subfield code="9">71887</subfield>
  </datafield>
  <datafield tag="245" ind1=" " ind2=" ">
    <subfield code="a">International financial management /</subfield>
    <subfield code="c">By Prakash G  Apte.</subfield>
  </datafield>
  <datafield tag="250" ind1=" " ind2=" ">
    <subfield code="a">5th ed.</subfield>
  </datafield>
  <datafield tag="260" ind1=" " ind2=" ">
    <subfield code="a">New Delhi :</subfield>
    <subfield code="b">Tata McGraw Hill Publishing Company Ltd ,</subfield>
    <subfield code="c">2011.</subfield>
  </datafield>
  <datafield tag="300" ind1=" " ind2=" ">
    <subfield code="a">xv,696p. ;</subfield>
    <subfield code="b">PB</subfield>
    <subfield code="c">23.5 cm.</subfield>
  </datafield>
  <datafield tag="650" ind1=" " ind2=" ">
    <subfield code="a">Financial management in a global context</subfield>
    <subfield code="9">71888</subfield>
  </datafield>
  <datafield tag="650" ind1=" " ind2=" ">
    <subfield code="a">Financial swaps and credit derivatives</subfield>
    <subfield code="9">71889</subfield>
  </datafield>
  <datafield tag="650" ind1=" " ind2=" ">
    <subfield code="a">International project appraisal</subfield>
    <subfield code="9">71890</subfield>
  </datafield>
  <datafield tag="942" ind1=" " ind2=" ">
    <subfield code="2">ddc</subfield>
    <subfield code="c">BK</subfield>
    <subfield code="e">5</subfield>
    <subfield code="k">658.1599 APTP</subfield>
  </datafield>
  <datafield tag="999" ind1=" " ind2=" ">
    <subfield code="c">203328</subfield>
    <subfield code="d">203328</subfield>
  </datafield>
  <datafield tag="952" ind1=" " ind2=" ">
    <subfield code="0">0</subfield>
    <subfield code="1">0</subfield>
    <subfield code="2">ddc</subfield>
    <subfield code="4">0</subfield>
    <subfield code="7">0</subfield>
    <subfield code="8">MBA</subfield>
    <subfield code="a">AIMIT</subfield>
    <subfield code="b">AIMIT</subfield>
    <subfield code="d">2009-03-17</subfield>
    <subfield code="g">410.00</subfield>
    <subfield code="i">Bill no:9191; Bill dt:2009-02-12</subfield>
    <subfield code="l">0</subfield>
    <subfield code="o">658.1599 APTP</subfield>
    <subfield code="p">MBA05894</subfield>
    <subfield code="r">2026-05-23 00:00:00</subfield>
    <subfield code="v">307.50</subfield>
    <subfield code="w">2021-07-16</subfield>
    <subfield code="y">BK</subfield>
  </datafield>
  <datafield tag="952" ind1=" " ind2=" ">
    <subfield code="0">0</subfield>
    <subfield code="1">0</subfield>
    <subfield code="2">ddc</subfield>
    <subfield code="4">0</subfield>
    <subfield code="7">0</subfield>
    <subfield code="8">MBA</subfield>
    <subfield code="a">AIMIT</subfield>
    <subfield code="b">AIMIT</subfield>
    <subfield code="d">2010-02-15</subfield>
    <subfield code="g">410.00</subfield>
    <subfield code="i">Bill no:485; Bill dt:2010-02-10</subfield>
    <subfield code="l">0</subfield>
    <subfield code="o">658.1599 APTP</subfield>
    <subfield code="p">MBA07510</subfield>
    <subfield code="r">2026-05-23 00:00:00</subfield>
    <subfield code="v">307.50</subfield>
    <subfield code="w">2021-07-16</subfield>
    <subfield code="y">BK</subfield>
  </datafield>
  <datafield tag="952" ind1=" " ind2=" ">
    <subfield code="0">0</subfield>
    <subfield code="1">0</subfield>
    <subfield code="2">ddc</subfield>
    <subfield code="4">0</subfield>
    <subfield code="7">0</subfield>
    <subfield code="8">MBA</subfield>
    <subfield code="a">AIMIT</subfield>
    <subfield code="b">AIMIT</subfield>
    <subfield code="d">2010-02-15</subfield>
    <subfield code="g">410.00</subfield>
    <subfield code="i">Bill no:485; Bill dt:2010-02-10</subfield>
    <subfield code="l">1</subfield>
    <subfield code="o">658.1599 APTP</subfield>
    <subfield code="p">MBA07511</subfield>
    <subfield code="r">2026-05-23 00:00:00</subfield>
    <subfield code="s">2023-12-11</subfield>
    <subfield code="v">307.50</subfield>
    <subfield code="w">2021-07-16</subfield>
    <subfield code="y">BK</subfield>
  </datafield>
  <datafield tag="952" ind1=" " ind2=" ">
    <subfield code="0">0</subfield>
    <subfield code="1">0</subfield>
    <subfield code="2">ddc</subfield>
    <subfield code="4">0</subfield>
    <subfield code="7">0</subfield>
    <subfield code="8">MBA</subfield>
    <subfield code="a">AIMIT</subfield>
    <subfield code="b">AIMIT</subfield>
    <subfield code="d">2010-02-15</subfield>
    <subfield code="g">410.00</subfield>
    <subfield code="i">Bill no:485; Bill dt:2010-02-10</subfield>
    <subfield code="l">0</subfield>
    <subfield code="o">658.1599 APTP</subfield>
    <subfield code="p">MBA07512</subfield>
    <subfield code="r">2026-05-23 00:00:00</subfield>
    <subfield code="v">307.50</subfield>
    <subfield code="w">2021-07-16</subfield>
    <subfield code="y">BK</subfield>
  </datafield>
  <datafield tag="952" ind1=" " ind2=" ">
    <subfield code="0">0</subfield>
    <subfield code="1">0</subfield>
    <subfield code="2">ddc</subfield>
    <subfield code="4">0</subfield>
    <subfield code="7">0</subfield>
    <subfield code="8">MBA</subfield>
    <subfield code="a">AIMIT</subfield>
    <subfield code="b">AIMIT</subfield>
    <subfield code="d">2010-02-15</subfield>
    <subfield code="g">410.00</subfield>
    <subfield code="i">Bill no:485; Bill dt:2010-02-10</subfield>
    <subfield code="l">0</subfield>
    <subfield code="o">658.1599 APTP</subfield>
    <subfield code="p">MBA07513</subfield>
    <subfield code="r">2026-05-23 00:00:00</subfield>
    <subfield code="v">307.50</subfield>
    <subfield code="w">2021-07-16</subfield>
    <subfield code="y">BK</subfield>
  </datafield>
  <datafield tag="952" ind1=" " ind2=" ">
    <subfield code="0">0</subfield>
    <subfield code="1">0</subfield>
    <subfield code="2">ddc</subfield>
    <subfield code="4">0</subfield>
    <subfield code="7">0</subfield>
    <subfield code="8">MBA</subfield>
    <subfield code="a">AIMIT</subfield>
    <subfield code="b">AIMIT</subfield>
    <subfield code="d">2010-02-15</subfield>
    <subfield code="g">410.00</subfield>
    <subfield code="i">Bill no:485; Bill dt:2010-02-10</subfield>
    <subfield code="l">0</subfield>
    <subfield code="o">658.1599 APTP</subfield>
    <subfield code="p">MBA07514</subfield>
    <subfield code="r">2026-05-23 00:00:00</subfield>
    <subfield code="v">307.50</subfield>
    <subfield code="w">2021-07-16</subfield>
    <subfield code="y">BK</subfield>
  </datafield>
  <datafield tag="952" ind1=" " ind2=" ">
    <subfield code="0">0</subfield>
    <subfield code="1">0</subfield>
    <subfield code="2">ddc</subfield>
    <subfield code="4">0</subfield>
    <subfield code="7">0</subfield>
    <subfield code="8">MBA</subfield>
    <subfield code="a">AIMIT</subfield>
    <subfield code="b">AIMIT</subfield>
    <subfield code="d">2010-02-15</subfield>
    <subfield code="g">410.00</subfield>
    <subfield code="i">Bill no:485; Bill dt:2010-02-10</subfield>
    <subfield code="l">0</subfield>
    <subfield code="o">658.1599 APTP</subfield>
    <subfield code="p">MBA07515</subfield>
    <subfield code="r">2026-05-23 00:00:00</subfield>
    <subfield code="v">307.50</subfield>
    <subfield code="w">2021-07-16</subfield>
    <subfield code="y">BK</subfield>
  </datafield>
</record>
